000 00522nam a2200193Ia 4500
005 20250326141135.0
008 250326s9999 xx 000 0 und d
020 _a81-7514-022-4
037 _aTextbook
040 _aFMSL
_beng
_cFMSL
041 _aeng
_2eng
084 _aX:8 N7
_qFMSL
100 _aHeickel J K
_9743807
245 0 _aCost effective organization
_cHeickel J K
260 _aNew Delhi
_bNew Delhi, Deep & Deep
_c1997
300 _a229p
942 _cTB
_hX:8 N7
999 _c1288890
_d1288890